000 00373 a2200145 4500
245 _aAftermaths
_hprint
020 _a0869253646
700 _aNyamfukudza, S.
650 _aliterature
005 20191017171906.0
260 _arh
_bCollege Press
_c1983
084 _aMLCS 85/1198 (P)
300 _a78 p.
_b 21 cm.
_c78 p. ; 21 cm.
500 _aS. Nyamfukudza.
490 _aModern writers of Zimbabwe
999 _c8164
_d8164